| 000 | 00458nam a2200169Ia 4500 | ||
|---|---|---|---|
| 005 | 20251020182559.0 | ||
| 008 | 200515s9999 xx 000 0 und d | ||
| 082 | _aSC/331.823/C48 | ||
| 110 | _aCentro Interamericano de Administración del Trabajo | ||
| 245 | 0 | _aOrganización y funcionamiento de los servicios de inspección del trabajo | |
| 260 | _aLima | ||
| 260 | _c1989 | ||
| 300 | _a89 | ||
| 650 | _aINSPECCION | ||
| 650 | _aTRABAJO | ||
| 942 | _cLIB | ||
| 999 |
_c3007 _d3007 |
||